Derniers jeux GameCube - Statistiques

Statistiques générales
  • Ce quiz a été pris 5 fois
  • Le résultat moyen est 4 sur 8
Statistiques - réponses
Description Réponse % Correct
Sorti à la fois sur GameCube et sur Wii, le héros prend parfois l'apparence d'un loup. The Legend Of Zelda: Twilight Princess
100%
Le protagoniste est un petit robot qui doit se brancher régulièrement sur secteur, pour recharger sa batterie. Chibi-Robo!
75%
Party game du célèbre plombier moustachu. Mario Party 7
75%
Suite d'un RPG utilisant un système de cartes, il est sorti uniquement au Japon et aux Etats-Unis. Baten Kaitos Origins
25%
Le gameplay de ce FPS consiste principalement à hanter des ennemis, on y incarne en effet un fantôme. Geist
25%
Mélange audacieux de stratégie et de flipper, qui peut se jouer au micro. Odama
25%
Adaptation d'un film d'animation mettant en scène un petit rongeur. Ratatouille
25%
Célèbre héroïne archéologue, ayant débuté ses aventures sur PlayStation 1. Tomb Raider: Legend
0%
Aucun quiz correspondant
Distribution des résultats
% des personnes avec chaque résultat
Percentile par nombre de réponses
Votre historique - résultats
Vous n’avez pas pris ce quiz